[Event "17. Europa ch Juvenil - Masculino s16"]
[Site "Sibenik CRO"]
[Date "2007.09.16"]
[Round "3.8"]
[White "Kosov, Ivan"]
[Black "Mammadov, Ayaz"]
[Result "1/2-1/2"]
[WhiteElo "2379"]
[BlackElo "2237"]
[PlyCount "106"]
[EventDate "2007.09.14"]
[EventType "swiss"]
[EventRounds "9"]
[EventCountry "CRO"]
[Source "lmi"]
[SourceDate "2007.09.14"]

1. e4 e6 2. d4 d5 3. Nc3 Nf6 4. e5 Nfd7 5. f4 c5 6. Nf3 Nc6 7. Be3 a6 8. Qd2
Qa5 9. a3 b5 10. dxc5 b4 11. Na2 Nxc5 12. Nd4 Qc7 13. Nxc6 Ne4 14. Qd1 bxa3 15.
bxa3 Qxc6 16. Bd3 Bxa3 17. O-O Bc5 18. Qe2 O-O 19. Bxc5 Qxc5+ 20. Kh1 Bb7 21.
Nc1 a5 22. Nb3 Qb6 23. Nd2 Nxd2 24. Qxd2 g6 25. Rfb1 Qc7 26. Rb5 a4 27. Rb4 Bc6
28. Qc3 Rfc8 29. Qc5 Be8 30. Qxc7 Rxc7 31. Kg1 Kf8 32. Kf2 Ke7 33. Ke3 Kd8 34.
Kd4 Kc8 35. Ra3 Rb7 36. Rxb7 Kxb7 37. Kc5 Kc7 38. g3 Ra5+ 39. Kb4 Kb6 40. Rc3
Bd7 41. Be2 Ra7 42. g4 Rc7 43. Rxc7 Kxc7 44. c3 Kb6 45. g5 Bc6 46. h4 Bd7 47.
h5 Be8 48. h6 Bd7 49. Bd3 a3 50. Kxa3 Bb5 51. Bb1 Kc5 52. Kb3 d4 53. Kc2 Kd5
1/2-1/2

[Event "17. Europa ch Juvenil - Masculino s16"]
[Site "Sibenik CRO"]
[Date "2007.09.16"]
[Round "3.9"]
[White "Yaksin, Oleg"]
[Black "Recuero Guerra, David"]
[Result "0-1"]
[WhiteElo "2231"]
[BlackElo "2378"]
[PlyCount "46"]
[EventDate "2007.09.14"]
[EventType "swiss"]
[EventRounds "9"]
[EventCountry "CRO"]
[Source "lmi"]
[SourceDate "2007.09.14"]

1. d4 Nf6 2. Nf3 c5 3. g3 cxd4 4. Bg2 d5 5. O-O h6 6. Nxd4 e5 7. Nb3 Nc6 8. c4
d4 9. e3 Bg4 10. f3 Be6 11. exd4 exd4 12. f4 d3 13. Na3 Bxa3 14. bxa3 O-O 15.
Bb2 Bxc4 16. Rc1 Bb5 17. Rc5 a6 18. Rf5 Ne8 19. Nc5 Qb6 20. Rf2 Rd8 21. Bxc6
Bxc6 22. Rh5 d2 23. Bc3 Bf3 0-1

[Event "17. Europa ch Juvenil - Masculino s16"]
[Site "Sibenik CRO"]
[Date "2007.09.16"]
[Round "3.10"]
[White "Sieciechowicz, Marcin"]
[Black "Martinovic, Sasa"]
[Result "1-0"]
[WhiteElo "2214"]
[BlackElo "2371"]
[PlyCount "61"]
[EventDate "2007.09.14"]
[EventType "swiss"]
[EventRounds "9"]
[EventCountry "CRO"]
[Source "lmi"]
[SourceDate "2007.09.14"]

1. d4 Nf6 2. c4 c5 3. d5 e5 4. Nc3 d6 5. e4 Be7 6. g3 O-O 7. Bg2 Nbd7 8. Nf3
Ne8 9. O-O g6 10. Bh6 Ng7 11. Qd2 Nf6 12. h3 Kh8 13. Ne1 Ng8 14. Be3 f5 15. f4
exf4 16. Bxf4 Nh5 17. e5 g5 18. exd6 Bf6 19. Be3 Nxg3 20. Rf3 Ne4 21. Nxe4 fxe4
22. Rxf6 Nxf6 23. Bxc5 b6 24. Bd4 Qxd6 25. Qxg5 Bxh3 26. Kh1 Bxg2+ 27. Nxg2 Rf7
28. Rf1 Raf8 29. Ne3 Qd7 30. Ng4 Rg7 31. Rxf6 1-0

[Event "17. Europa ch Juvenil - Masculino s16"]
[Site "Sibenik CRO"]
[Date "2007.09.16"]
[Round "3.11"]
[White "Pecha, Tomas"]
[Black "Leniart, Arkadiusz"]
[Result "0-1"]
[WhiteElo "2204"]
[BlackElo "2357"]
[PlyCount "92"]
[EventDate "2007.09.14"]
[EventType "swiss"]
[EventRounds "9"]
[EventCountry "CRO"]
[Source "lmi"]
[SourceDate "2007.09.14"]

1. e4 e6 2. d4 d5 3. Nc3 Bb4 4. e5 c5 5. a3 Bxc3+ 6. bxc3 Ne7 7. Qg4 O-O 8. Bd3
Qa5 9. Bd2 Nbc6 10. Nf3 f5 11. exf6 Rxf6 12. Qh5 Nf5 13. c4 Qa4 14. g4 dxc4 15.
Be4 Ncxd4 16. gxf5 Nxc2+ 17. Kf1 c3 18. Bxc3 Qc4+ 19. Kg2 Qxc3 20. Rhc1 Bd7 21.
fxe6 g6 22. Qe5 Rxf3 23. Qxc3 Rxc3 24. exd7 Nxa1 25. Rxc3 Rd8 26. Bd5+ Kg7 27.
Be6 Kf6 28. Bh3 b6 29. Re3 Kf7 30. Rc3 Ke7 31. Kf1 Kd6 32. Ke1 b5 33. Rd3+ Kc6
34. Kd1 c4 35. Re3 Nb3 36. Re8 Kc7 37. Re5 a6 38. Re7 Nd4 39. Rxh7 Nf5 40. Bxf5
gxf5 41. Kc2 Rxd7 42. Rh5 Rd5 43. h4 Kb6 44. Rh6+ Ka5 45. h5 Rd3 46. Rh8 Rxa3
0-1

[Event "17. Europa ch Juvenil - Masculino s16"]
[Site "Sibenik CRO"]
[Date "2007.09.16"]
[Round "3.12"]
[White "Chirila, Ioan Cristian"]
[Black "Baron, Tal"]
[Result "1/2-1/2"]
[WhiteElo "2345"]
[BlackElo "2232"]
[PlyCount "64"]
[EventDate "2007.09.14"]
[EventType "swiss"]
[EventRounds "9"]
[EventCountry "CRO"]
[Source "lmi"]
[SourceDate "2007.09.14"]

1. e4 c5 2. Nf3 Nc6 3. d4 cxd4 4. Nxd4 Nf6 5. Nc3 e5 6. Ndb5 d6 7. Bg5 a6 8.
Na3 b5 9. Nd5 Be7 10. Bxf6 Bxf6 11. c3 Rb8 12. Nc2 O-O 13. Be2 Bg5 14. Qd3 a5
15. a3 Ne7 16. Nce3 Bxe3 17. Nxe3 Qb6 18. O-O Be6 19. Rfd1 Rfd8 20. Bf3 Qc5 21.
b4 Qb6 22. h3 Rbc8 23. Rd2 g6 24. Rc1 Rc6 25. Bg4 Bc4 26. Nxc4 Rxc4 27. Be2
axb4 28. axb4 Qc6 29. Qc2 Qxe4 30. Bxc4 Qxc4 31. Re1 f6 32. Re4 Qc6 1/2-1/2

[Event "17. Europa ch Juvenil - Masculino s16"]
[Site "Sibenik CRO"]
[Date "2007.09.16"]
[Round "3.13"]
[White "Jorczik, Julian"]
[Black "Pavlidis, Anastasios"]
[Result "1/2-1/2"]
[WhiteElo "2333"]
[BlackElo "2182"]
[PlyCount "85"]
[EventDate "2007.09.14"]
[EventType "swiss"]
[EventRounds "9"]
[EventCountry "CRO"]
[Source "lmi"]
[SourceDate "2007.09.14"]

1. d4 Nf6 2. c4 g6 3. Nc3 Bg7 4. e4 d6 5. Be2 O-O 6. Bg5 Na6 7. Qd2 e5 8. d5
Qe8 9. Bd1 Nh5 10. Bxh5 gxh5 11. Nge2 f5 12. exf5 Bxf5 13. Ng3 Qg6 14. O-O e4
15. h4 Nc5 16. Rae1 Rae8 17. Nxf5 Qxf5 18. Re2 Qg4 19. Re3 Rf3 20. Rfe1 Re5 21.
b4 Nd3 22. Rxe4 Rxe4 23. Rxe4 Bxc3 24. Re8+ Kf7 25. Re7+ Kf8 26. Qxc3 Ne5 27.
Qc2 Rd3 28. Rxc7 Nf3+ 29. Kh1 Ne1 30. f3 Qxg5 31. hxg5 Nxc2 32. Rxb7 Rd4 33.
Rxh7 Nxb4 34. a3 Nc2 35. Rxa7 Rxc4 36. Rd7 Nd4 37. Rxd6 Ne2 38. g3 Nxg3+ 39.
Kg2 h4 40. Kh3 Ne2 41. Rh6 Nf4+ 42. Kxh4 Nxd5+ 43. Kg3 1/2-1/2

[Event "17. Europa ch Juvenil - Masculino s16"]
[Site "Sibenik CRO"]
[Date "2007.09.16"]
[Round "3.14"]
[White "Kuchynka, Lukas"]
[Black "Roganovic, Milos"]
[Result "0-1"]
[WhiteElo "2180"]
[BlackElo "2329"]
[PlyCount "74"]
[EventDate "2007.09.14"]
[EventType "swiss"]
[EventRounds "9"]
[EventCountry "CRO"]
[Source "lmi"]
[SourceDate "2007.09.14"]

1. e4 c5 2. Nf3 Nc6 3. d4 cxd4 4. Nxd4 Nf6 5. Nc3 e5 6. Ndb5 d6 7. Bg5 a6 8.
Na3 b5 9. Bxf6 gxf6 10. Nd5 f5 11. c3 Bg7 12. exf5 Bxf5 13. Nc2 O-O 14. Nce3
Be6 15. Bd3 f5 16. O-O Kh8 17. Qh5 e4 18. Bc2 Ne7 19. Rad1 Ng6 20. f3 Ra7 21.
fxe4 f4 22. Nf5 Be5 23. Rf3 Rg8 24. Rd2 a5 25. a4 bxa4 26. Bxa4 Qc8 27. Kh1 Rb7
28. Bc2 Rxb2 29. Qxh7+ Kxh7 30. Rh3+ Nh4 31. Rxh4+ Kg6 32. Nde7+ Kg5 33. Nxc8
Bxf5 34. exf5 Rxc8 35. Rh3 Bxc3 36. Re2 Be5 37. Bd1 Rxe2 0-1

[Event "17. Europa ch Juvenil - Masculino s16"]
[Site "Sibenik CRO"]
[Date "2007.09.16"]
[Round "3.15"]
[White "Narmontas, Matas"]
[Black "Yilmaz, Mustafa"]
[Result "0-1"]
[WhiteElo "2327"]
[BlackElo "2204"]
[PlyCount "62"]
[EventDate "2007.09.14"]
[EventType "swiss"]
[EventRounds "9"]
[EventCountry "CRO"]
[Source "lmi"]
[SourceDate "2007.09.14"]

1. e4 c5 2. Nf3 d6 3. d4 cxd4 4. Nxd4 Nf6 5. Nc3 a6 6. Be3 e5 7. Nb3 Be6 8. Qd2
Be7 9. O-O-O O-O 10. f3 a5 11. Bb5 Nc6 12. Kb1 Qb8 13. g4 Ne8 14. h4 Nc7 15.
Qe2 Rc8 16. Bc4 a4 17. Nd2 b5 18. Bxe6 fxe6 19. Qg2 b4 20. Ne2 Nb5 21. Ka1 Na5
22. Rc1 b3 23. c4 Na3 24. axb3 axb3 25. bxa3 b2+ 26. Ka2 bxc1=N+ 27. Rxc1 d5
28. Rb1 Qd6 29. c5 Rxc5 30. Bxc5 Qxc5 31. Rb2 Nc4 0-1

[Event "17. Europa ch Juvenil - Masculino s16"]
[Site "Sibenik CRO"]
[Date "2007.09.16"]
[Round "3.17"]
[White "Golichenko, Ilija"]
[Black "Blum, Nicolas"]
[Result "1/2-1/2"]
[WhiteElo "2306"]
[BlackElo "2166"]
[PlyCount "71"]
[EventDate "2007.09.14"]
[EventType "swiss"]
[EventRounds "9"]
[EventCountry "CRO"]
[Source "lmi"]
[SourceDate "2007.09.14"]

1. d4 Nf6 2. c4 e6 3. Nc3 Bb4 4. Qc2 c5 5. dxc5 O-O 6. a3 Bxc5 7. Nf3 b6 8. Bg5
Bb7 9. e4 h6 10. Bh4 Be7 11. Be2 Nh5 12. Bxe7 Qxe7 13. g3 f5 14. e5 g5 15. Rg1
Nc6 16. h3 Qg7 17. Nh2 Qxe5 18. O-O-O Nf6 19. Nf3 Qc5 20. g4 Ne7 21. gxf5 Qxf2
22. Kb1 Nxf5 23. Ne5 Qe3 24. Ng4 Nxg4 25. hxg4 Nh4 26. Rxd7 Qxg1+ 27. Ka2 Rf7
28. Rxf7 Kxf7 29. Qh7+ Kf6 30. Qxb7 Rd8 31. Ne4+ Kg6 32. Qe7 Qd4 33. Qxe6+ Kg7
34. Qe7+ Kg6 35. Qe6+ Kg7 36. Qe7+ 1/2-1/2

[Event "17. Europa ch Juvenil - Masculino s16"]
[Site "Sibenik CRO"]
[Date "2007.09.16"]
[Round "3.18"]
[White "Onischuk, Vladimir"]
[Black "Klim, Kamil"]
[Result "1-0"]
[WhiteElo "2506"]
[BlackElo "2126"]
[PlyCount "91"]
[EventDate "2007.09.14"]
[EventType "swiss"]
[EventRounds "9"]
[EventCountry "CRO"]
[Source "lmi"]
[SourceDate "2007.09.14"]

1. e4 c5 2. Nf3 d6 3. d4 cxd4 4. Nxd4 Nf6 5. Nc3 Nc6 6. Be2 e5 7. Nf3 h6 8. O-O
Be7 9. h3 O-O 10. Re1 Be6 11. Bf1 Qa5 12. Bd2 Qd8 13. Bc1 Qa5 14. a3 Rac8 15.
Rb1 Qd8 16. Nd5 Bxd5 17. exd5 Nb8 18. c4 Nh7 19. b4 Ng5 20. Nd2 f5 21. Bb2 Nd7
22. Qb3 Nf7 23. Nf3 Kh7 24. Rbd1 b6 25. Nd2 Bg5 26. Nb1 h5 27. Nc3 Bf6 28. Nb5
Ra8 29. f4 g5 30. Nxd6 gxf4 31. Nxf5 Rg8 32. Qf3 Rg5 33. Bd3 Kh8 34. Be4 Qf8
35. d6 Rc8 36. h4 Rg4 37. Bc6 Nb8 38. b5 Rd8 39. a4 Bxh4 40. Nxh4 Rxh4 41.
Bxe5+ Nxe5 42. Rxe5 Qf7 43. Qc3 Qg7 44. Re8+ Rxe8 45. Qxg7+ Kxg7 46. Bxe8 1-0

[Event "17. Europa ch Juvenil - Masculino s16"]
[Site "Sibenik CRO"]
[Date "2007.09.16"]
[Round "3.19"]
[White "Kilpatrick, Callum"]
[Black "Feller, Sebastien"]
[Result "0-1"]
[WhiteElo "2120"]
[BlackElo "2476"]
[PlyCount "114"]
[EventDate "2007.09.14"]
[EventType "swiss"]
[EventRounds "9"]
[EventCountry "CRO"]
[Source "lmi"]
[SourceDate "2007.09.14"]

1. e4 c5 2. Nf3 d6 3. d4 Nf6 4. Nc3 cxd4 5. Nxd4 a6 6. Bg5 Nbd7 7. f4 e6 8. Qf3
h6 9. Bh4 e5 10. Nf5 exf4 11. Bxf6 Nxf6 12. Qxf4 g6 13. Ne3 Nh5 14. Qf3 Bg7 15.
Bc4 O-O 16. O-O Qg5 17. e5 Bxe5 18. Ne4 Qf4 19. Qxf4 Nxf4 20. g3 Ne6 21. Rad1
b5 22. Bd5 Ra7 23. Kg2 Ng5 24. Nxg5 hxg5 25. c3 Kg7 26. Rd2 f5 27. Ra1 Re7 28.
Nc2 f4 29. a4 g4 30. gxf4 Bxf4 31. Rf2 Re5 32. Bc6 Rh5 33. Rh1 bxa4 34. Nd4 Be5
35. Rxf8 Kxf8 36. Bxa4 Kg7 37. Bc6 Rh3 38. Ne2 Rd3 39. Kf2 Rd2 40. b3 Rb2 41.
Bd5 a5 42. Ke3 Ba6 43. Nd4 Bxh2 44. Ra1 g3 45. Rxa5 Bc8 46. Ra7+ Kh6 47. Ra8
Bg4 48. Rh8+ Kg7 49. Rg8+ Kh7 50. Re8 g2 51. Bxg2 Rxg2 52. b4 Be5 53. b5 Rb2
54. c4 g5 55. Ne6 Bxe6 56. Rxe6 g4 57. c5 g3 0-1

[Event "17. Europa ch Juvenil - Masculino s16"]
[Site "Sibenik CRO"]
[Date "2007.09.16"]
[Round "3.20"]
[White "Bjelicic, Jan"]
[Black "Alonso Rosell, Alvar"]
[Result "0-1"]
[WhiteElo "2101"]
[BlackElo "2285"]
[PlyCount "98"]
[EventDate "2007.09.14"]
[EventType "swiss"]
[EventRounds "9"]
[EventCountry "CRO"]
[Source "lmi"]
[SourceDate "2007.09.14"]

1. e4 c5 2. Nf3 d6 3. d4 cxd4 4. Nxd4 Nf6 5. Nc3 a6 6. Be3 Ng4 7. Bg5 h6 8. Bh4
g5 9. Bg3 Bg7 10. Be2 Ne5 11. f3 Nbc6 12. Bf2 Be6 13. Qd2 Qa5 14. Rd1 O-O 15.
a3 Rac8 16. O-O Nxd4 17. Bxd4 Ng6 18. Bxg7 Kxg7 19. g3 f5 20. Kg2 f4 21. Nd5
Qxd2 22. Rxd2 Bxd5 23. exd5 Ne5 24. c3 Rc5 25. g4 b5 26. Rd4 h5 27. h3 Rh8 28.
Rh1 hxg4 29. hxg4 Rxh1 30. Kxh1 a5 31. Kg2 Nd7 32. c4 bxc4 33. Bxc4 Nb6 34. b3
a4 35. Kf2 axb3 36. Bxb3 Rc3 37. Rb4 Nd7 38. a4 Nc5 39. Bc4 Ra3 40. Bb5 Kf6 41.
Ke2 Ke5 42. Bc6 Re3+ 43. Kd2 Rxf3 44. Rb8 Re3 45. a5 Ra3 46. Ra8 f3 47. a6 Ne4+
48. Kc2 Ra2+ 49. Kb3 Rxa6 0-1

[Event "17. Europa ch Juvenil - Masculino s16"]
[Site "Sibenik CRO"]
[Date "2007.09.16"]
[Round "3.21"]
[White "Kanmazalp, Ogulcan"]
[Black "Lehmann, Marco"]
[Result "0-1"]
[WhiteElo "2093"]
[BlackElo "2279"]
[PlyCount "78"]
[EventDate "2007.09.14"]
[EventType "swiss"]
[EventRounds "9"]
[EventCountry "CRO"]
[Source "lmi"]
[SourceDate "2007.09.14"]

1. e4 e5 2. Nf3 Nc6 3. d4 exd4 4. Nxd4 Nf6 5. Nxc6 bxc6 6. Nd2 d5 7. exd5 cxd5
8. Bb5+ Bd7 9. Bxd7+ Qxd7 10. O-O Be7 11. c4 O-O 12. cxd5 Rfd8 13. Qf3 Nxd5 14.
Ne4 Rab8 15. b3 f5 16. Nc3 Nxc3 17. Qxc3 Bf6 18. Qc4+ Qd5 19. Qxd5+ Rxd5 20.
Rb1 Ra5 21. Bf4 Rxa2 22. Bxc7 Rc8 23. Bf4 g5 24. Rbc1 Rxc1 25. Bxc1 a6 26. g3
Kf7 27. Be3 Rc2 28. Rc1 Rxc1+ 29. Bxc1 Ke6 30. Kf1 g4 31. Ke2 Kd5 32. Be3 Ke4
33. Bb6 Bg5 34. Ba7 f4 35. Bc5 f3+ 36. Kd1 Kd3 37. b4 Bd2 38. Bd6 Bc3 39. Be7
Kc4 0-1

[Event "17. Europa ch Juvenil - Masculino s16"]
[Site "Sibenik CRO"]
[Date "2007.09.16"]
[Round "3.22"]
[White "Poleshchuk, Dmitriy"]
[Black "Varga, David"]
[Result "1-0"]
[WhiteElo "2073"]
[BlackElo "2257"]
[PlyCount "119"]
[EventDate "2007.09.14"]
[EventType "swiss"]
[EventRounds "9"]
[EventCountry "CRO"]
[Source "lmi"]
[SourceDate "2007.09.14"]

1. e4 e6 2. d4 d5 3. Nd2 Nf6 4. e5 Nfd7 5. f4 c5 6. c3 Nc6 7. Ndf3 Qb6 8. g3
cxd4 9. cxd4 Be7 10. Kf2 O-O 11. Kg2 f6 12. Bd3 fxe5 13. fxe5 Nxd4 14. Nxd4
Nxe5 15. Bc2 Bc5 16. Ngf3 Ng4 17. h3 Nf6 18. Nb3 Bd6 19. Re1 Qc7 20. Nbd4 Bxg3
21. Nxe6 Bxe6 22. Rxe6 Rac8 23. Bf5 Rcd8 24. Bg5 Qc5 25. Qd4 Qxd4 26. Nxd4 Bd6
27. Rc1 Kf7 28. Rf1 Rfe8 29. Rxe8 Rxe8 30. Bxf6 gxf6 31. Bxh7 Bc5 32. Rd1 Kg7
33. Bf5 Kf7 34. Kf3 Re5 35. Bc8 b6 36. a3 a5 37. Rd3 Ke8 38. Nc6 Rh5 39. Bg4
Rh6 40. Rxd5 Kf7 41. Nd4 Rh8 42. Rd7+ Ke8 43. Nc6 Rh6 44. Be6 Kf8 45. Rd8+ Kg7
46. Nd4 Rh5 47. Bg4 Re5 48. Ne6+ Kf7 49. Nxc5 Rxc5 50. Rd6 Rb5 51. Rd2 Kg6 52.
Kg3 Rb3+ 53. Bf3 Kg5 54. h4+ Kf5 55. h5 Kg5 56. Rh2 Kh6 57. Kf4 b5 58. Bd5 Rd3
59. Bf7 b4 60. axb4 1-0

[Event "17. Europa ch Juvenil - Masculino s16"]
[Site "Sibenik CRO"]
[Date "2007.09.16"]
[Round "3.23"]
[White "Thorgeirsson, Sverrir"]
[Black "Bulanov, Dmitri"]
[Result "0-1"]
[WhiteElo "2064"]
[BlackElo "2220"]
[PlyCount "116"]
[EventDate "2007.09.14"]
[EventType "swiss"]
[EventRounds "9"]
[EventCountry "CRO"]
[Source "lmi"]
[SourceDate "2007.09.14"]

1. e4 Nf6 2. e5 Nd5 3. d4 d6 4. c4 Nb6 5. exd6 cxd6 6. Nc3 g6 7. Be3 Bg7 8. Be2
O-O 9. Rc1 e5 10. dxe5 dxe5 11. c5 N6d7 12. Nf3 Nc6 13. O-O Nf6 14. Qb3 Qe7 15.
h3 Be6 16. Qa4 Nd5 17. Nxd5 Bxd5 18. Rfd1 Rad8 19. Bg5 f6 20. Rxd5 Rxd5 21. Bc4
Qf7 22. Be3 Kh8 23. Bxd5 Qxd5 24. Rd1 Qf7 25. Rd6 Rc8 26. Qg4 Rc7 27. b3 Bf8
28. Rd1 f5 29. Qh4 f4 30. Nxe5 Nxe5 31. Bd4 Re7 32. Qg5 Bg7 33. Bxe5 Rxe5 34.
Rd8+ Re8 35. Kh2 h6 36. Rxe8+ Qxe8 37. Qd5 Qe5 38. Qd8+ Kh7 39. f3 Qxc5 40. Qd7
b5 41. a4 b4 42. Qd1 Qc7 43. Kh1 a5 44. Kh2 Bf6 45. Kh1 Bh4 46. Kh2 Bg3+ 47.
Kg1 Qa7+ 48. Kh1 h5 49. Qd3 Qe7 50. Qb1 Kh6 51. Qa1 Kg5 52. Qd1 Qe1+ 53. Qxe1
Bxe1 54. Kg1 Kh4 55. Kf1 Bc3 56. Kg1 Kg3 57. Kh1 Bd4 58. h4 Kf2 0-1

[Event "17. Europa ch Juvenil - Masculino s16"]
[Site "Sibenik CRO"]
[Date "2007.09.16"]
[Round "3.24"]
[White "Anton, Teodor"]
[Black "Soors, Stef"]
[Result "0-1"]
[WhiteElo "2212"]
[BlackElo "2126"]
[PlyCount "96"]
[EventDate "2007.09.14"]
[EventType "swiss"]
[EventRounds "9"]
[EventCountry "CRO"]
[Source "lmi"]
[SourceDate "2007.09.14"]

1. d4 d5 2. c4 c6 3. cxd5 cxd5 4. Nc3 Nc6 5. Bf4 Nf6 6. e3 a6 7. Bd3 e6 8. Nf3
Bd6 9. O-O O-O 10. Rc1 Bxf4 11. exf4 Qd6 12. Ne5 Bd7 13. Bb1 Qb4 14. g4 Nxe5
15. fxe5 Ne4 16. Nxe4 dxe4 17. Bxe4 Bb5 18. a3 Qxb2 19. Rb1 Qxa3 20. Rb3 Qe7
21. Rh3 g6 22. Re1 Rad8 23. Qd2 f5 24. exf6 Qxf6 25. d5 exd5 26. Bxd5+ Kh8 27.
f3 Qg7 28. Qg5 Qd4+ 29. Kh1 Qxd5 30. Rxh7+ Kxh7 31. Re7+ Rf7 32. Qxd5 Rxd5 33.
Rxf7+ Kg8 34. Rxb7 a5 35. Ra7 a4 36. Kg2 Rd3 37. Ra5 Be8 38. Ra8 Kf8 39. Kf2 a3
40. Ke2 Rb3 41. f4 Ke7 42. h4 Bf7 43. Ra7+ Kf8 44. Kd2 Rh3 45. h5 gxh5 46. gxh5
a2 47. Kc2 Rh2+ 48. Kc3 Rxh5 0-1

[Event "17. Europa ch Juvenil - Masculino s16"]
[Site "Sibenik CRO"]
[Date "2007.09.16"]
[Round "3.25"]
[White "Zivkovic, Dejan"]
[Black "Yilmazyerli, Mert"]
[Result "0-1"]
[WhiteElo "2191"]
[BlackElo "2071"]
[PlyCount "54"]
[EventDate "2007.09.14"]
[EventType "swiss"]
[EventRounds "9"]
[EventCountry "CRO"]
[Source "lmi"]
[SourceDate "2007.09.14"]

1. d4 g6 2. Nf3 Bg7 3. c3 d6 4. Bg5 h6 5. Bh4 f5 6. e3 Nf6 7. Qb3 e6 8. Be2 O-O
9. Nbd2 g5 10. Bg3 Qe7 11. O-O-O a5 12. h3 Nc6 13. Nh2 a4 14. Qc4 Bd7 15. f4 b5
16. Qd3 b4 17. c4 a3 18. b3 e5 19. fxg5 hxg5 20. Bf2 Ne4 21. Rhf1 Nc3 22. Nb1
exd4 23. Nxc3 bxc3 24. exd4 Nb4 25. Qe3 Qxe3+ 26. Bxe3 Rae8 27. Rf3 f4 0-1

[Event "17. Europa ch Juvenil - Masculino s16"]
[Site "Sibenik CRO"]
[Date "2007.09.16"]
[Round "3.26"]
[White "Ivekovic, Zvonimir"]
[Black "Plaskan, Jure"]
[Result "0-1"]
[WhiteElo "2161"]
[BlackElo "2061"]
[PlyCount "84"]
[EventDate "2007.09.14"]
[EventType "swiss"]
[EventRounds "9"]
[EventCountry "CRO"]
[Source "lmi"]
[SourceDate "2007.09.14"]

1. e4 c5 2. Nf3 d6 3. d4 cxd4 4. Nxd4 Nf6 5. Nc3 a6 6. Bc4 e6 7. Bb3 Nbd7 8.
Bg5 Be7 9. Qf3 Nc5 10. O-O-O Qc7 11. Rhe1 b5 12. Nf5 Nxb3+ 13. axb3 exf5 14.
Bxf6 Bxf6 15. exf5+ Be5 16. Qxa8 O-O 17. Qf3 Bb7 18. Nd5 Bxd5 19. Qxd5 Rc8 20.
Qd3 b4 21. Re4 d5 22. Rxb4 Qc5 23. Rc4 dxc4 24. Qd8+ Rxd8 25. Rxd8+ Qf8 26.
Rxf8+ Kxf8 27. bxc4 Ke7 28. g3 Kd6 29. f4 Bd4 30. b4 Bc3 31. b5 a5 32. Kb1 Kc5
33. Ka2 Kxc4 34. b6 Bd4 35. b7 Ba7 36. g4 Bb8 37. h4 Bxf4 38. Ka3 Kb5 39. g5
Kb6 40. Ka4 Bc7 41. h5 Kxb7 42. Kb5 g6 0-1

[Event "17. Europa ch Juvenil - Masculino s16"]
[Site "Sibenik CRO"]
[Date "2007.09.16"]
[Round "3.30"]
[White "Tausanov, Mihail"]
[Black "Nuri, Kambez"]
[Result "0-1"]
[WhiteElo "1771"]
[BlackElo "2142"]
[PlyCount "80"]
[EventDate "2007.09.14"]
[EventType "swiss"]
[EventRounds "9"]
[EventCountry "CRO"]
[Source "lmi"]
[SourceDate "2007.09.14"]

1. Nf3 Nf6 2. c4 g6 3. g3 d6 4. Bg2 e5 5. Nc3 Bg7 6. d4 Nbd7 7. O-O O-O 8. Bg5
h6 9. Bd2 e4 10. Ne1 Re8 11. e3 Nb6 12. b3 Bf5 13. f3 Qd7 14. fxe4 Nxe4 15.
Nxe4 Bxe4 16. Bxe4 Rxe4 17. Qf3 Rae8 18. Nc2 f5 19. Rae1 Qe7 20. d5 c5 21. Na3
Nd7 22. Qe2 Ne5 23. Rf4 Ng4 24. Rxe4 Qxe4 25. Nb5 Be5 26. Nc7 Re7 27. Ne6 b5
28. Qf1 Qc2 29. Re2 bxc4 30. bxc4 Qxc4 31. e4 Rf7 32. h3 fxe4 33. Bf4 Qxd5 34.
Nd8 Bd4+ 35. Kh1 e3+ 36. Rg2 Nf2+ 37. Kh2 Rf8 38. Qb1 Qh5 39. Rxf2 exf2 40. Ne6
Qf5 0-1

[Event "17. Europa ch Juvenil - Masculino s16"]
[Site "Sibenik CRO"]
[Date "2007.09.16"]
[Round "3.32"]
[White "Filippas, Sebastian"]
[Black "Hohluks, Aleksandrs"]
[Result "0-1"]
[WhiteElo "2145"]
[BlackElo "2056"]
[PlyCount "56"]
[EventDate "2007.09.14"]
[EventType "swiss"]
[EventRounds "9"]
[EventCountry "CRO"]
[Source "lmi"]
[SourceDate "2007.09.14"]

1. d4 d5 2. Nf3 Nf6 3. c4 c6 4. e3 Bf5 5. Nbd2 e6 6. Be2 Nbd7 7. b3 Bd6 8. Bb2
Ne4 9. O-O Qf6 10. Nxe4 dxe4 11. Nd2 h5 12. Qc2 Bxh2+ 13. Kxh2 Qh4+ 14. Kg1 Nf6
15. Rfe1 Ng4 16. Bxg4 hxg4 17. Kf1 g3 18. fxg3 Qxg3 19. Kg1 Qh2+ 20. Kf2 Qh4+
21. Kg1 Rh5 22. Nf1 Qh1+ 23. Kf2 Rg5 24. Re2 O-O-O 25. Ke1 Rh8 26. d5 Rh2 27.
Be5 Rhxg2 28. dxc6 Qxf1+ 0-1

[Event "17. Europa ch Juvenil - Masculino s16"]
[Site "Sibenik CRO"]
[Date "2007.09.16"]
[Round "3.34"]
[White "Lugovskoy, Dmitriy"]
[Black "Jefic, Srdjan"]
[Result "1/2-1/2"]
[WhiteElo "1964"]
[BlackElo "2103"]
[PlyCount "132"]
[EventDate "2007.09.14"]
[EventType "swiss"]
[EventRounds "9"]
[EventCountry "CRO"]
[Source "lmi"]
[SourceDate "2007.09.14"]

1. d4 f5 2. Nf3 Nf6 3. c4 e6 4. g3 c6 5. Bg2 d5 6. b3 Bd6 7. O-O Qe7 8. Ne5 O-O
9. Nd3 b6 10. Bf4 Bb7 11. Bxd6 Qxd6 12. Qc2 Na6 13. Nd2 c5 14. dxc5 bxc5 15.
cxd5 exd5 16. Rac1 Rac8 17. Nc4 dxc4 18. Bxb7 cxd3 19. Qc4+ Kh8 20. Bxa6 dxe2
21. Qxe2 Rc7 22. Rfd1 Qb6 23. Bd3 g6 24. Rc4 Re8 25. Qb2 Kg7 26. Ra4 Qe6 27.
Rc1 Qe5 28. Qc2 Nd5 29. Bb5 Rec8 30. a3 Nb6 31. Rf4 Kf6 32. Rf3 c4 33. Bxc4
Nxc4 34. bxc4 Rxc4 35. Qxc4 Rxc4 36. Rxc4 Qd5 37. Rcc3 g5 38. Rfd3 Qe6 39. Rd1
g4 40. Rdc1 Kg5 41. Rc7 h5 42. a4 h4 43. gxh4+ Kxh4 44. Rh7+ Kg5 45. a5 Qa6 46.
Ra1 Qc4 47. h4+ Kf4 48. Rd1 g3 49. Rhd7 gxf2+ 50. Kxf2 Qa2+ 51. R1d2 Qxa5 52.
R7d4+ Ke5 53. h5 Qb6 54. Kf3 Qb3+ 55. R4d3 Qb1 56. Rd5+ Kf6 57. Rd6+ Kg5 58. h6
Qe4+ 59. Kf2 f4 60. Kf1 Qh1+ 61. Kf2 Qh2+ 62. Kf1 Qh1+ 63. Ke2 Qe4+ 64. Kf2
Qe3+ 65. Kf1 Qh3+ 66. Kg1 Qe3+ 1/2-1/2

[Event "17. Europa ch Juvenil - Masculino s16"]
[Site "Sibenik CRO"]
[Date "2007.09.16"]
[Round "3.35"]
[White "Bekarovski, Filip"]
[Black "Gevorkian, David"]
[Result "1/2-1/2"]
[WhiteElo "1950"]
[BlackElo "2096"]
[PlyCount "94"]
[EventDate "2007.09.14"]
[EventType "swiss"]
[EventRounds "9"]
[EventCountry "CRO"]
[Source "lmi"]
[SourceDate "2007.09.14"]

1. d4 f5 2. c4 Nf6 3. Nc3 e6 4. g3 d5 5. Bg2 c6 6. Bf4 Be7 7. Nh3 O-O 8. O-O
Bd7 9. Rc1 Be8 10. Be5 Nbd7 11. Nf4 Bf7 12. Nd3 Nxe5 13. Nxe5 Nd7 14. Nxf7 Rxf7
15. cxd5 exd5 16. Nxd5 cxd5 17. Bxd5 Nf6 18. Bxf7+ Kxf7 19. e3 Kg6 20. Qc2 Qd5
21. Qc4 Bd6 22. Qxd5 Nxd5 23. a3 Re8 24. Rc2 Kf6 25. Rfc1 Nb6 26. h4 Ke6 27.
Kg2 Kd7 28. Kf3 Nd5 29. Rg1 Nf6 30. Ke2 h5 31. Kd3 Ke6 32. f3 Kd5 33. Re2 Re7
34. Rc2 Re8 35. Rc3 b6 36. Rb3 g6 37. a4 Re7 38. Rg2 Bc7 39. Rb5+ Kd6 40. Re2
Kd7 41. Rg2 a6 42. Rb3 Re6 43. Rg1 Ke7 44. Rg2 Kd7 45. Rg1 Ke7 46. Rg2 Kd7 47.
Rg1 Ke7 1/2-1/2